Tous les adversaires du Biarritz olympique en Coupe d'Europe. - Statistiques

Statistiques générales
  • Ce quiz a été pris 52 fois
  • Le résultat moyen est 15 sur 29
Statistiques - réponses
Équipes Matches Victoires Nuls Défaites Différence % Correct
5611b25305-450.webp Stade toulousain 3 0 0 3 -17
100%
5611b25305-450.webp Stade français Paris 1 0 0 1 -3
87%
64957f49c3-450.webp Munster 4 2 0 2 7
83%
64957f49c3-450.webp Leinster 5 2 0 3 -26
80%
8d2f7f543b-235.webp Saracens 6 3 0 3 -9
74%
8d2f7f543b-235.webp London Wasps 2 1 0 1 -10
72%
8d2f7f543b-235.webp Leicester Tigers 2 2 0 0 19
67%
64957f49c3-450.webp Ulster 6 4 0 2 48
65%
8d2f7f543b-235.webp Bath Rugby 5 3 0 2 -9
65%
Flag_of_Italy.svg Benetton Trévise 4 3 0 1 54
63%
Flag_of_Scotland.svg Glasgow Warriors 4 3 0 1 29
63%
0b677ce993-450.webp Cardiff Blues 4 1 0 3 6
61%
Flag_of_Scotland.svg Edinburgh Rugby 4 3 1 0 50
59%
0b677ce993-450.webp Cardiff RFC 2 2 0 0 61
59%
8d2f7f543b-235.webp Harlequins 2 0 0 2 -34
59%
8d2f7f543b-235.webp Northampton Saints 7 4 0 3 19
57%
Flag_of_Italy.svg Zebre 2 2 0 0 47
54%
0b677ce993-450.webp Llanelli Scarlets 1 1 0 0 17
52%
64957f49c3-450.webp Connacht 2 1 0 1 9
52%
0b677ce993-450.webp Ospreys 3 2 0 1 25
48%
8d2f7f543b-235.webp Sale Sharks 3 3 0 0 48
43%
0b677ce993-450.webp Newport Dragons 2 2 0 0 54
41%
8d2f7f543b-235.webp Gloucester RFC 4 2 0 2 14
37%
Flag_of_Italy.svg Aironi Rugby 2 1 0 1 30
26%
0b677ce993-450.webp Swansea RFC 2 1 0 1 4
20%
Flag_of_Italy.svg Arix Viadana 2 2 0 0 17
15%
Flag_of_Italy.svg Overmarch Parme 2 2 0 0 85
13%
Flag_of_Italy.svg Rugby Calvisano 4 4 0 0 101
4%
Flag_of_Scotland.svg Border Reivers 2 2 0 0 35
0%
Aucun quiz correspondant
Distribution des résultats
% des personnes avec chaque résultat
Percentile par nombre de réponses
Votre historique - résultats
Vous n’avez pas pris ce quiz